000 nam a22 a 4500
999 _c859
_d859
003 AKMAL
005 20170505150411.0
008 170505s1986 my e f000 0 may d
040 _aAKMAL
082 0 4 _a297.122 MOH
_222
090 0 0 _a297.122
_bMOH
100 0 _aMohd. Nasir Omar
_91845
245 1 0 _aFalsafah etika :
_bperbandingan pendekatan Islam dan Barat /
_coleh Mohd. Nasir Omar
260 _aKuala Lumpur :
_bBah. Hal Ehwal Islam, Jabatan Perdana Menteri,
_c1986
300 _axi, 156p. ;
_c22cm.
504 _aBibliografi: ms.141-156
505 0 _aTeks bahasa Malaysia dan Inggeris
505 0 _aMengandungi ayat-ayat dari Quran
650 1 0 _aIslamic ethics
_91621
650 2 0 _aPhilosophy, Islamic
_9874
650 2 0 _aKnowledge, Theory of (Islam)
_9832
942 _2ddc
_cBOOK